[Event "BRA-ch U20"]
[Site "Florianopolis"]
[Date "2003.05.18"]
[Round "7"]
[White "Santos, Rogerio de Souza"]
[Black "Paixao, Rodolfo"]
[Result "1-0"]
[WhiteElo "1743"]
[BlackElo "1790"]
[PlyCount "91"]
[EventDate "2003.05.??"]
[EventType "swiss"]
[EventRounds "7"]
[EventCountry "BRA"]
[SourceTitle "EXT 2006"]
[Source "ChessBase"]
[SourceDate "2005.11.24"]
[SourceVersion "1"]
[SourceVersionDate "2005.11.24"]
[SourceQuality "1"]

1. e4 e5 2. Nf3 Nc6 3. Bc4 Nf6 4. d3 d5 5. exd5 Nxd5 6. Qe2 f6 7. d4 Bg4 8. Qe4 Bxf3 9. gxf3 Nb6 10. Bb5 Qd7 11. dxe5 fxe5 12. Bxc6 bxc6 13. Qxe5+ Be7 14. 0-0 0-0-0 15. Nc3 Bd6 16. Qh5 g6 17. Qg4 h5 18. Qxd7+ Rxd7 19. Bg5 Be7 20. Bxe7 Rxe7 21. Rfe1 Rf7 22. Re6 Rxf3 23. Rxg6 Rhf8 24. Rf1 Nc4 25. Rg3 Nxb2 26. Rxf3 Rxf3 27. Rb1 Nc4 28. Rb3 Nd2 29. Kg2 Rf5 30. Ra3 Rg5+ 31. Kh3 Kb7 32. Nd1 Ne4 33. f3 Nd6 34. Ne3 Nb5 35. Rb3 Ka6 36. Kh4 Rg8 37. Nf5 Rf8 38. Kg5 Rg8+ 39. Kxh5 Rg2 40. h4 Rxc2 41. Kg6 c5 42. h5 c4 43. Rxb5 Kxb5 44. Nd4+ Kb4 45. Nxc2+ Kc3 46. Ne3 1-0

[Event "BRA-ch U20"]
[Site "Florianopolis"]
[Date "2003.05.16"]
[Round "2"]
[White "Paixao, Rodolfo"]
[Black "Ferreira, Euclides Roberto"]
[Result "0-1"]
[WhiteElo "1790"]
[BlackElo "1842"]
[PlyCount "24"]
[EventDate "2003.05.??"]
[EventType "swiss"]
[EventRounds "7"]
[EventCountry "BRA"]
[SourceTitle "EXT 2006"]
[Source "ChessBase"]
[SourceDate "2005.11.24"]
[SourceVersion "1"]
[SourceVersionDate "2005.11.24"]
[SourceQuality "1"]

1. d4 d5 2. c4 e6 3. Nc3 c5 4. cxd5 exd5 5. dxc5 d4 6. Nb5 Qa5+ 7. Qd2 Qxb5 8. Qxd4 Qxc5 9. Qe4+ Be6 10. Bd2 Nf6 11. Qa4+ b5 12. Qd1 Ne4 0-1